[Event "40th ECC Open 2025"]
[Site "Rhodes GRE"]
[Date "2025.10.19"]
[Round "1.23"]
[White "Dardha, Daniel"]
[Black "Bergan, Gaute"]
[Result "1-0"]
[WhiteTitle "GM"]
[BlackTitle "CM"]
[WhiteElo "2605"]
[BlackElo "2061"]
[WhiteTeam "SuperChess"]
[BlackTeam "SK 1911"]
[WhiteFideId "240990"]
[BlackFideId "1526014"]
[EventDate "2025.10.19"]
[EventType "team"]

1. Nf3 d5 2. b3 Nf6 3. Bb2 Bf5 4. g3 e6 5. Bg2 Bd6 6. d3 Nbd7 7. Nh4 O-O 8. Nxf5
exf5 9. e3 Be5 10. c3 a5 11. O-O Re8 12. a3 c6 13. Nd2 h6 14. Nf3 Bc7 15. Nd4 g6
16. c4 dxc4 17. bxc4 Be5 18. Rb1 Rb8 19. Qc2 c5 20. Nb5 Bxb2 21. Qxb2 Qe7 22.
Qc3 b6 23. Rfe1 Qe5 24. f4 Qxc3 25. Nxc3 Nf8 26. e4 Red8 27. Bf1 fxe4 28. dxe4
Ne6 29. e5 Ne8 30. Kf2 N8c7 31. Rb2 Rd4 32. Ne4 Ne8 33. Kf3 Kg7 34. Reb1 h5 35.
Ke3 Rbd8 36. Rxb6 Rd1 37. Be2 Rxb1 38. Rxb1 Nd4 39. Bd3 Rc8 40. Nxc5 Nf5+ 41.
Bxf5 Rxc5 42. Bd7 1-0

[Event "40th ECC Open 2025"]
[Site "Rhodes GRE"]
[Date "2025.10.19"]
[Round "1.24"]
[White "Hellerud, Lauritz Nissen"]
[Black "Sokolov, Ivan"]
[Result "0-1"]
[BlackTitle "GM"]
[WhiteElo "1993"]
[BlackElo "2581"]
[WhiteTeam "SK 1911"]
[BlackTeam "SuperChess"]
[WhiteFideId "1570528"]
[BlackFideId "14400030"]
[EventDate "2025.10.19"]
[EventType "team"]

1. c4 e5 2. Nc3 Nf6 3. g3 Bb4 4. e4 Na6 5. Nge2 Nc5 6. d3 b5 7. a3 bxc4 8. dxc4
Bxc3+ 9. Nxc3 Rb8 10. b4 Ncxe4 11. Nxe4 Nxe4 12. Qd5 O-O 13. Bg2 Bb7 14. Qd3 Nc5
15. Qf1 Bxg2 16. Qxg2 Nd3+ 17. Kf1 Qf6 18. Be3 e4 19. Rd1 Rfe8 20. h4 Qc3 0-1

[Event "40th ECC Open 2025"]
[Site "Rhodes GRE"]
[Date "2025.10.19"]
[Round "1.25"]
[White "Koykka, Pekka"]
[Black "Gledura, Benjamin"]
[Result "0-1"]
[WhiteTitle "IM"]
[BlackTitle "GM"]
[WhiteElo "2343"]
[BlackElo "2643"]
[WhiteTeam "Tammer-Shakki"]
[BlackTeam "Tuxera Aquaprofit Nagykanizsai Sakk Klub"]
[WhiteFideId "504319"]
[BlackFideId "712779"]
[EventDate "2025.10.19"]
[EventType "team"]

1. c4 g6 2. Nc3 Bg7 3. d4 Nf6 4. e4 d6 5. h3 O-O 6. Be3 Na6 7. Nf3 c6 8. Be2 e5
9. d5 Nh5 10. Qd2 Nf4 11. Bxf4 exf4 12. Qxf4 Qb6 13. Qd2 Nc5 14. O-O Re8 15.
Rab1 Nxe4 16. Nxe4 Rxe4 17. Bd3 Re8 18. dxc6 bxc6 19. Qf4 Be5 20. Qh6 Bg7 21.
Qf4 Qd8 22. Be4 Bb7 23. Rfd1 Qe7 24. Bc2 Rad8 25. Rd3 c5 26. Ba4 Qe4 27. Qd2 Re6
28. Bc2 Qc6 29. b4 Ba8 30. Re1 Rde8 31. Rxe6 Rxe6 32. b5 Qc7 33. Ng5 Re7 34. f4
Bd4+ 35. Kh2 d5 36. cxd5 Bxd5 37. Kh1 Bc4 38. Ra3 Re2 39. Qd1 Qxf4 40. Bd3 Bxd3
41. Rxd3 Qf2 0-1

[Event "40th ECC Open 2025"]
[Site "Rhodes GRE"]
[Date "2025.10.19"]
[Round "1.26"]
[White "Volokitin, Andrei"]
[Black "Ahvenjarvi, Jani"]
[Result "1-0"]
[WhiteTitle "GM"]
[BlackTitle "FM"]
[WhiteElo "2617"]
[BlackElo "2330"]
[WhiteTeam "Tuxera Aquaprofit Nagykanizsai Sakk Klub"]
[BlackTeam "Tammer-Shakki"]
[WhiteFideId "14107090"]
[BlackFideId "507571"]
[EventDate "2025.10.19"]
[EventType "team"]

1. e4 e5 2. Nf3 Nc6 3. Bb5 a6 4. Ba4 Nf6 5. O-O Be7 6. Re1 b5 7. Bb3 d6 8. c3
O-O 9. h3 Na5 10. Bc2 c5 11. d4 Qc7 12. Nbd2 Nc6 13. d5 Nd8 14. a4 Rb8 15. b4
Bd7 16. Nf1 Ne8 17. Be3 f6 18. Qe2 Nf7 19. c4 bxc4 20. bxc5 dxc5 21. Qxc4 a5 22.
Rec1 Rb4 23. Qe2 c4 24. Bd2 Ned6 25. Bc3 Rc8 26. Ne3 Nb7 27. Nd2 Nfd6 28. Bxb4
axb4 29. Ndxc4 Nxc4 30. Bb3 Nba5 31. Bxc4 Bd6 32. Kh2 Qb6 33. Bb5 Rxc1 34. Rxc1
Nb3 35. Bxd7 Nxc1 36. Be6+ Kh8 37. Qc2 Qc5 38. Nc4 b3 39. Qxc1 b2 40. Qxb2 Qxc4
41. Qb7 h5 42. Qf7 1-0

[Event "40th ECC Open 2025"]
[Site "Rhodes GRE"]
[Date "2025.10.19"]
[Round "1.27"]
[White "Penttinen, Jarkko"]
[Black "Yuffa, Daniil"]
[Result "0-1"]
[WhiteTitle "FM"]
[BlackTitle "GM"]
[WhiteElo "2226"]
[BlackElo "2621"]
[WhiteTeam "Tammer-Shakki"]
[BlackTeam "Tuxera Aquaprofit Nagykanizsai Sakk Klub"]
[WhiteFideId "501743"]
[BlackFideId "24131423"]
[EventDate "2025.10.19"]
[EventType "team"]

1. Nf3 c5 2. c4 Nc6 3. Nc3 g6 4. e3 Bg7 5. d4 d6 6. d5 Na5 7. Be2 Nf6 8. e4 O-O
9. O-O Bg4 10. Ne1 Bxe2 11. Qxe2 e6 12. Bg5 h6 13. Bh4 Qb6 14. dxe6 fxe6 15. e5
Nh5 16. exd6 Nf4 17. Qc2 Nxc4 18. Be7 Qxb2 19. Qxb2 Nxb2 20. Bxf8 Rxf8 21. Ne4
Nc4 22. Rd1 Ne3 23. Nf3 Ne2+ 24. Kh1 Nxd1 25. Rxd1 b6 26. Rd3 Rd8 27. Ra3 Rd7
28. g3 e5 29. Nfd2 Kf7 30. Rf3+ Ke6 31. Re3 Nd4 32. f4 Nf5 33. Re2 Nxd6 34. Nxd6
Rxd6 35. fxe5 Rd5 36. Nf3 Bxe5 37. Kg2 b5 0-1

[Event "40th ECC Open 2025"]
[Site "Rhodes GRE"]
[Date "2025.10.19"]
[Round "1.28"]
[White "Samunenkov, Ihor"]
[Black "Ponnio, Toni"]
[Result "1-0"]
[WhiteTitle "GM"]
[WhiteElo "2568"]
[BlackElo "2101"]
[WhiteTeam "Tuxera Aquaprofit Nagykanizsai Sakk Klub"]
[BlackTeam "Tammer-Shakki"]
[WhiteFideId "14187086"]
[BlackFideId "509604"]
[EventDate "2025.10.19"]
[EventType "team"]

1. e4 c5 2. c3 Nf6 3. e5 Nd5 4. Bc4 Nb6 5. Bb3 d6 6. exd6 Qxd6 7. Na3 a6 8. Ne2
Nc6 9. O-O e6 10. d4 cxd4 11. cxd4 Be7 12. Nb1 O-O 13. Nbc3 Nd5 14. Re1 Rd8 15.
Nxd5 exd5 16. Nf4 Bf6 17. Nxd5 Bxd4 18. Bg5 Rf8 19. Ne7+ Nxe7 20. Bxe7 Qf4 21.
Kh1 Bf5 22. Bxf8 Rxf8 23. Qe2 h5 24. Rad1 Bb6 25. Qe5 Qg4 26. h3 1-0

[Event "40th ECC Open 2025"]
[Site "Rhodes GRE"]
[Date "2025.10.19"]
[Round "1.29"]
[White "Iivonen, Markku"]
[Black "Markus, Robert"]
[Result "0-1"]
[BlackTitle "GM"]
[WhiteElo "2065"]
[BlackElo "2535"]
[WhiteTeam "Tammer-Shakki"]
[BlackTeam "Tuxera Aquaprofit Nagykanizsai Sakk Klub"]
[WhiteFideId "506940"]
[BlackFideId "921637"]
[EventDate "2025.10.19"]
[EventType "team"]

1. d4 Nf6 2. Nc3 d5 3. Bf4 a6 4. f3 c5 5. e3 Nc6 6. Qd2 e6 7. g4 h6 8. h4 b5 9.
Nge2 b4 10. Na4 c4 11. b3 c3 12. Qd1 Be7 13. Nc1 Nxg4 14. Nd3 Bxh4+ 15. Ke2 Be7
16. Bh3 Nf6 17. Qg1 g5 18. Bg3 a5 19. Qh2 Ra7 20. Nac5 Qb6 21. Rag1 Ba6 22. Nxa6
Rxa6 23. Bc7 Qb7 24. Bf1 Nd7 25. Kf2 a4 26. Nc5 Nxc5 27. dxc5 Ra8 28. Bb6 axb3
29. axb3 Ra2 30. Bd3 Kd7 31. f4 Bd8 32. fxg5 Bxb6 33. Qd6+ Kc8 34. cxb6 Qxb6 35.
gxh6 Qc7 36. Qxc7+ Kxc7 37. Rg7 Ne5 38. Ke2 Kd6 39. h7 Raa8 40. Rh5 Raf8 41. Rh4
Rb8 42. Rh5 Rbf8 43. Rh4 Nc6 44. Bb5 Ne7 45. Bd3 Nc6 46. Bb5 Nd8 47. Bd3 f5 48.
Rxb4 Rf7 49. Rb6+ Ke5 50. Rg2 Rfxh7 51. Ba6 Rh2 52. Rxh2 Rxh2+ 53. Kd3 Rh3 54.
Ke2 f4 55. exf4+ Kxf4 56. Bc8 Ke4 57. Bxe6 Rh2+ 58. Kf1 Rxc2 59. Bg8 Ke3 60. Bh7
Rh2 61. Bg6 Rh6 0-1

[Event "40th ECC Open 2025"]
[Site "Rhodes GRE"]
[Date "2025.10.19"]
[Round "1.30"]
[White "Medvegy, Zoltan Dr."]
[Black "Sorvari, Jarmo"]
[Result "1-0"]
[WhiteTitle "GM"]
[WhiteElo "2518"]
[BlackElo "2055"]
[WhiteTeam "Tuxera Aquaprofit Nagykanizsai Sakk Klub"]
[BlackTeam "Tammer-Shakki"]
[WhiteFideId "708402"]
[BlackFideId "509671"]
[EventDate "2025.10.19"]
[EventType "team"]

1. c4 e5 2. g3 Nf6 3. Bg2 h6 4. Nf3 e4 5. Nd4 d5 6. d3 exd3 7. Qxd3 Bb4+ 8. Nc3
O-O 9. cxd5 Nxd5 10. a3 Nxc3 11. axb4 Nd5 12. Bd2 c6 13. b5 Bd7 14. O-O Nc7 15.
Rfc1 Ne6 16. Nf5 Qc7 17. Ba5 b6 18. bxc6 Bc8 19. Bb4 Nc5 20. Bxc5 Bxf5 21. Qd6
Rc8 22. Qxc7 Rxc7 23. Bd6 1-0

[Event "40th ECC Open 2025"]
[Site "Rhodes GRE"]
[Date "2025.10.19"]
[Round "1.31"]
[White "Mamedov, Rauf"]
[Black "Ledger, Andrew J"]
[Result "1-0"]
[WhiteTitle "GM"]
[BlackTitle "IM"]
[WhiteElo "2655"]
[BlackElo "2308"]
[WhiteTeam "Vugar Gashimov"]
[BlackTeam "Blackthorne"]
[WhiteFideId "13401653"]
[BlackFideId "400610"]
[EventDate "2025.10.19"]
[EventType "team"]

1. e4 c6 2. Nf3 d5 3. Nc3 dxe4 4. Nxe4 Nf6 5. Qe2 Nxe4 6. Qxe4 Qa5 7. b4 Qd5 8.
Qh4 Bf5 9. Bc4 Qd6 10. O-O e6 11. d3 Be7 12. Bf4 Bxh4 13. Bxd6 Bf6 14. Rab1 Nd7
15. b5 c5 16. a4 Be7 17. Bg3 O-O 18. a5 Rfd8 19. h3 Bf6 20. Rb3 g5 21. Re1 Kg7
22. Bc7 Rdc8 23. b6 axb6 24. axb6 Nb8 25. Bb5 Ra2 26. Ne5 Na6 27. Bxa6 Rxa6 28.
Nc4 Be7 29. Rb5 Rca8 30. Bd6 Bf6 31. Rxc5 Ra1 32. Rxa1 Rxa1+ 33. Kh2 Rc1 34. Rc7
Bd4 35. Be5+ Bxe5+ 36. Nxe5 Bg6 37. c4 Kf6 38. Nxg6 hxg6 39. Rxb7 1-0

[Event "40th ECC Open 2025"]
[Site "Rhodes GRE"]
[Date "2025.10.19"]
[Round "1.32"]
[White "Bates, Richard A"]
[Black "Nogerbek, Kazybek"]
[Result "1/2-1/2"]
[WhiteTitle "IM"]
[BlackTitle "GM"]
[WhiteElo "2282"]
[BlackElo "2543"]
[WhiteTeam "Blackthorne"]
[BlackTeam "Vugar Gashimov"]
[WhiteFideId "403555"]
[BlackFideId "13710427"]
[EventDate "2025.10.19"]
[EventType "team"]

1. d4 Nf6 2. Nf3 g6 3. g3 Bg7 4. c4 O-O 5. Bg2 d6 6. O-O Nbd7 7. Nc3 e5 8. e4
Re8 9. Rb1 a6 10. a4 a5 11. h3 b6 12. Be3 Bb7 13. d5 Nc5 14. Ne1 Nfd7 15. Qc2
Qe7 16. Nb5 Nf6 17. Nc3 Bc8 18. Nd3 Nfd7 19. Rbe1 Nxd3 20. Qxd3 Nc5 21. Qd1 Bd7
22. Kh2 Rf8 23. b3 Rae8 24. Nb5 Qd8 25. Bxc5 dxc5 26. Qd2 f5 27. exf5 gxf5 28.
d6 Bxb5 29. Bd5+ Kh8 30. dxc7 Qxc7 31. axb5 e4 32. f3 Be5 33. Qg2 e3 34. f4 Bd4
35. Qf3 Qg7 36. Re2 Rf6 37. Rg1 Ref8 38. Reg2 Rg6 39. Re1 Qh6 40. Rge2 Rg7 41.
Rg1 Rf6 42. Bc6 Rd6 43. Bd5 Rf6 44. Bc6 Rg8 45. Bd5 Rgf8 46. Bc6 Qg7 47. Bd5 Rh6
48. Rd1 Rg6 49. Rg1 Rh6 50. Rd1 Qg4 51. Qxg4 fxg4 52. h4 Rd6 53. Bc6 Rc8 54. Be4
Re8 55. Bc6 Red8 56. Kg2 Kg7 57. Kf1 Kf6 58. Be4 h5 59. Rc2 Re6 60. Bc6 Red6 1/2-1/2

[Event "40th ECC Open 2025"]
[Site "Rhodes GRE"]
[Date "2025.10.19"]
[Round "1.33"]
[White "Ahmadzada, Ahmad"]
[Black "Webb, Laurence E"]
[Result "1-0"]
[WhiteTitle "GM"]
[BlackTitle "FM"]
[WhiteElo "2523"]
[BlackElo "2170"]
[WhiteTeam "Vugar Gashimov"]
[BlackTeam "Blackthorne"]
[WhiteFideId "13413007"]
[BlackFideId "402389"]
[EventDate "2025.10.19"]
[EventType "team"]

1. e4 e6 2. d4 d5 3. Nc3 Bb4 4. exd5 exd5 5. Bd3 Nc6 6. Nf3 Nge7 7. O-O Bf5 8.
Ne2 Qd7 9. Ng3 Bxd3 10. Qxd3 Bd6 11. c3 Bxg3 12. hxg3 O-O 13. Bf4 Ng6 14. Rfe1
Rfe8 15. Nd2 Nce7 16. Nf1 Nf5 17. Bxc7 Nxd4 18. Rxe8+ Rxe8 19. Qxd4 Qxc7 20. Ne3
b6 21. Nxd5 Qe5 22. Qxe5 Nxe5 23. Rd1 Kf8 24. b3 b5 25. f3 f6 26. Kf2 Re6 27.
Rd2 Rc6 28. Ke3 Kf7 29. Kd4 h5 30. f4 Nd7 31. c4 bxc4 32. bxc4 Nc5 33. f5 Nd7
34. Rb2 Nb6 35. Rb4 Ke8 36. c5 Nd7 37. Rb7 Nxc5 38. Re7+ Kf8 39. Rxa7 Ra6 40.
Rxa6 Nxa6 41. Kc4 Kf7 42. Kb5 Nb8 43. Nf4 Ke7 44. Nxh5 Kf7 45. a4 g6 46. Nf4
gxf5 47. a5 Ke7 48. a6 Nxa6 49. Kxa6 Kd6 50. Kb6 Ke5 51. Kc5 Ke4 52. Kd6 Ke3 53.
Ke6 Kf2 54. Kxf6 1-0

[Event "40th ECC Open 2025"]
[Site "Rhodes GRE"]
[Date "2025.10.19"]
[Round "1.34"]
[White "Ledger, Dave J"]
[Black "Samadov, Read"]
[Result "0-1"]
[WhiteTitle "FM"]
[BlackTitle "IM"]
[WhiteElo "2138"]
[BlackElo "2523"]
[WhiteTeam "Blackthorne"]
[BlackTeam "Vugar Gashimov"]
[WhiteFideId "401986"]
[BlackFideId "13417444"]
[EventDate "2025.10.19"]
[EventType "team"]

1. e4 c5 2. Nf3 d6 3. d4 cxd4 4. Nxd4 Nf6 5. Nc3 a6 6. Be3 e5 7. Nb3 Be6 8. f3
Be7 9. Qd2 h5 10. O-O-O Nbd7 11. Be2 Rc8 12. h3 h4 13. f4 b5 14. Rhe1 Qc7 15.
Kb1 O-O 16. g4 hxg3 17. Rg1 b4 18. Nd5 Bxd5 19. exd5 Ne4 20. Qc1 f5 21. Nd2 Ndf6
22. Nf1 Nf2 23. Nxg3 Nxd1 24. Qxd1 Qd7 25. Bxa6 Ra8 26. Bc4 e4 27. Ne2 Bd8 28.
Nd4 Bb6 29. Rg5 Nh7 30. Rg6 Rf6 31. Rg3 Qf7 32. Qg1 Kh8 33. h4 Rg8 34. Rg5 Bxd4
35. Bxd4 Rh6 36. Qg3 Nxg5 37. fxg5 f4 38. Qg4 Qh5 39. Qg1 Rh7 40. b3 Qxh4 0-1

[Event "40th ECC Open 2025"]
[Site "Rhodes GRE"]
[Date "2025.10.19"]
[Round "1.35"]
[White "Babazada, Khazar"]
[Black "Duncan, Chris R"]
[Result "1-0"]
[WhiteTitle "IM"]
[BlackTitle "FM"]
[WhiteElo "2502"]
[BlackElo "2183"]
[WhiteTeam "Vugar Gashimov"]
[BlackTeam "Blackthorne"]
[WhiteFideId "13413554"]
[BlackFideId "403091"]
[EventDate "2025.10.19"]
[EventType "team"]

1. e4 c5 2. Nf3 d6 3. Bc4 Nc6 4. O-O Nf6 5. Re1 g6 6. c3 Bg7 7. h3 O-O 8. Bb3 e5
9. d3 h6 10. Nbd2 Be6 11. Nc4 Re8 12. a4 Qd7 13. a5 Rad8 14. Nfd2 Qc7 15. Qf3
Kh7 16. Ba4 Rf8 17. Bb5 Nh5 18. Ne3 Nxa5 19. Nd5 Bxd5 20. exd5 a6 21. Ba4 f5 22.
Ra2 c4 23. Bc2 cxd3 24. Qxd3 Rc8 25. g4 Nf4 26. Qf3 fxg4 27. Qxg4 b6 28. Nf3 Rf6
29. Ra4 Rcf8 30. Bxf4 exf4 31. Nh4 Qf7 32. Re6 Rxe6 33. dxe6 Qf6 34. Rxf4 Qg5
35. e7 Rxf4 36. Bxg6+ 1-0

[Event "40th ECC Open 2025"]
[Site "Rhodes GRE"]
[Date "2025.10.19"]
[Round "1.36"]
[White "Ledger, Stephen C"]
[Black "Manafov, Vugar"]
[Result "0-1"]
[WhiteTitle "CM"]
[BlackTitle "IM"]
[WhiteElo "2030"]
[BlackElo "2420"]
[WhiteTeam "Blackthorne"]
[BlackTeam "Vugar Gashimov"]
[WhiteFideId "404470"]
[BlackFideId "13410814"]
[EventDate "2025.10.19"]
[EventType "team"]

1. d4 d5 2. Bf4 c5 3. e3 Nc6 4. c3 Qb6 5. Qb3 c4 6. Qc2 g6 7. Nd2 Nf6 8. e4 Nxe4
9. Nxe4 dxe4 10. Bxc4 Bf5 11. Be3 Qc7 12. Bd5 e5 13. Bxe4 exd4 14. cxd4 Qa5+ 15.
Bd2 Nxd4 16. Bxa5 Nxc2+ 17. Bxc2 Bxc2 18. Bc3 f6 19. Nf3 Be7 20. Nd4 Ba4 21. b3
Rc8 22. Kd2 Bd7 23. Rhe1 Kf7 24. Re3 Bc5 25. Rd1 Rhd8 26. Rd3 g5 27. Kc2 Bg4 28.
f3 Bh5 29. Kb2 Bg6 30. R3d2 a6 31. b4 Be7 32. Nb3 Rxd2+ 33. Rxd2 Rc7 34. a3 b6
35. Bd4 Rc6 36. Bc3 Ke8 37. Nd4 Rd6 38. b5 axb5 39. Bb4 Rd7 40. Nxb5 Bxb4 41.
Rxd7 Bxa3+ 42. Kxa3 Kxd7 43. Kb4 Bd3 44. Nd4 Bf1 45. g3 Kd6 46. Kc3 Ke5 47. Nc6+
Kd5 48. Ne7+ Kd6 49. Nf5+ Kc5 50. h4 gxh4 51. Nxh4 b5 52. Nf5 b4+ 53. Kc2 Be2
54. f4 Bc4 55. Ne3 Kd4 56. Ng4 f5 57. Nf6 h6 58. g4 fxg4 59. Nxg4 h5 0-1

[Event "40th ECC Open 2025"]
[Site "Rhodes GRE"]
[Date "2025.10.19"]
[Round "1.37"]
[White "Hjartarson, Johann"]
[Black "Gelfand, Boris"]
[Result "0-1"]
[WhiteTitle "GM"]
[BlackTitle "GM"]
[WhiteElo "2466"]
[BlackElo "2636"]
[WhiteTeam "Akureyri"]
[BlackTeam "Rishon Le Zion #1"]
[WhiteFideId "2300044"]
[BlackFideId "2805677"]
[EventDate "2025.10.19"]
[EventType "team"]

1. d4 Nf6 2. c4 e6 3. Nc3 Bb4 4. e3 O-O 5. Bd3 d5 6. a3 Bxc3+ 7. bxc3 dxc4 8.
Bxc4 c5 9. Nf3 Qc7 10. Be2 Nc6 11. Bb2 Rd8 12. Qc2 Ne7 13. O-O b6 14. c4 Bb7 15.
dxc5 Qxc5 16. a4 Rac8 17. Bd4 Qf5 18. Qb2 Nc6 19. Qb5 Nxd4 20. Nxd4 Qg6 21. f3
Nd7 22. Qb1 Qg5 23. Ra3 Nc5 24. Rf2 e5 25. Nb5 a6 26. Na7 Rb8 27. a5 bxa5 28.
Qb6 Bxf3 0-1

[Event "40th ECC Open 2025"]
[Site "Rhodes GRE"]
[Date "2025.10.19"]
[Round "1.38"]
[White "Rodshtein, Maxim"]
[Black "Thorarinsson, Pall A."]
[Result "1-0"]
[WhiteTitle "GM"]
[BlackTitle "FM"]
[WhiteElo "2647"]
[BlackElo "2187"]
[WhiteTeam "Rishon Le Zion #1"]
[BlackTeam "Akureyri"]
[WhiteFideId "2806851"]
[BlackFideId "2300923"]
[EventDate "2025.10.19"]
[EventType "team"]

1. d4 Nf6 2. c4 e6 3. Nf3 d5 4. g3 Bb4+ 5. Bd2 Be7 6. Bg2 Nbd7 7. Qc2 O-O 8. O-O
a5 9. Bf4 c6 10. Rd1 a4 11. h4 Qa5 12. Nbd2 c5 13. dxc5 Bxc5 14. e3 h6 15. Ne5
Nxe5 16. Bxe5 Ng4 17. Bc3 Qc7 18. Re1 dxc4 19. Nxc4 Bd7 20. Qe4 f5 21. Qxb7 Qxb7
22. Bxb7 Rab8 23. Bf3 Bb5 24. Ne5 Nxe5 25. Bxe5 Rbc8 26. Rec1 Bc6 27. Bxc6 Rxc6
28. Rc4 1-0

[Event "40th ECC Open 2025"]
[Site "Rhodes GRE"]
[Date "2025.10.19"]
[Round "1.39"]
[White "Halldorsson, Halldor"]
[Black "Steinberg, Nitzan"]
[Result "0-1"]
[WhiteTitle "CM"]
[BlackTitle "GM"]
[WhiteElo "2099"]
[BlackElo "2554"]
[WhiteTeam "Akureyri"]
[BlackTeam "Rishon Le Zion #1"]
[WhiteFideId "2301369"]
[BlackFideId "2801795"]
[EventDate "2025.10.19"]
[EventType "team"]

1. e4 c5 2. Nf3 d6 3. Bb5+ Nd7 4. d4 cxd4 5. Qxd4 a6 6. Bxd7+ Bxd7 7. Nc3 e5 8.
Qd3 Rc8 9. a4 Be6 10. Nd5 Bxd5 11. exd5 Nf6 12. O-O Be7 13. Qb3 Qc7 14. Be3 O-O
15. Nd2 Nd7 16. a5 f5 17. Rfc1 e4 18. Ra4 Ne5 19. Bb6 Qd7 20. Bd4 Nd3 21. Rca1
Nf4 22. Be3 Ng6 23. Rb4 f4 24. Rxb7 Qg4 25. h3 Qe2 26. Nxe4 fxe3 27. Qxe3 Qxe3
28. fxe3 Rxc2 29. b4 Nh4 30. Rxe7 Rxg2+ 31. Kh1 Rf3 32. Re8+ Kf7 33. Nxd6+ Kg6
34. Re6+ Kh5 35. Re5+ g5 0-1

[Event "40th ECC Open 2025"]
[Site "Rhodes GRE"]
[Date "2025.10.19"]
[Round "1.41"]
[White "Karason, Askell O"]
[Black "Zanan, Evgeny"]
[Result "0-1"]
[WhiteTitle "IM"]
[BlackTitle "GM"]
[WhiteElo "2108"]
[BlackElo "2504"]
[WhiteTeam "Akureyri"]
[BlackTeam "Rishon Le Zion #1"]
[WhiteFideId "2300567"]
[BlackFideId "24101940"]
[EventDate "2025.10.19"]
[EventType "team"]

1. d4 Nf6 2. c4 e6 3. Nc3 Bb4 4. e3 b6 5. Ne2 Ne4 6. Qc2 Bb7 7. a3 Bxc3+ 8. Nxc3
Nxc3 9. Qxc3 d6 10. b4 O-O 11. h4 Nd7 12. Bb2 a5 13. f3 axb4 14. axb4 Rxa1+ 15.
Bxa1 e5 16. dxe5 dxe5 17. c5 bxc5 18. bxc5 Bc6 19. Be2 Qe7 20. Kf2 Re8 21. Qa5
Nf6 22. e4 h6 23. g3 Ra8 24. Qc3 Ra2 25. Qxe5 Qd7 26. Qd4 Bb5 27. Re1 Qh3 28.
Ke3 Qxg3 29. Qd8+ Kh7 30. Bc3 Ng4+ 0-1

[Event "40th ECC Open 2025"]
[Site "Rhodes GRE"]
[Date "2025.10.19"]
[Round "1.42"]
[White "Bronstein, Or"]
[Black "Palsson, Bogi"]
[Result "1-0"]
[WhiteTitle "IM"]
[WhiteElo "2460"]
[BlackElo "2157"]
[WhiteTeam "Rishon Le Zion #1"]
[BlackTeam "Akureyri"]
[WhiteFideId "2815770"]
[BlackFideId "1502379"]
[EventDate "2025.10.19"]
[EventType "team"]

1. d4 d5 2. c4 c6 3. Nf3 Nf6 4. e3 Bf5 5. Nc3 e6 6. Nh4 Be4 7. f3 Bg6 8. Bd2
Nbd7 9. Qb3 Qb6 10. Nxg6 hxg6 11. Qc2 Qc7 12. cxd5 Nxd5 13. g3 Bd6 14. f4 g5 15.
O-O-O gxf4 16. gxf4 O-O-O 17. Kb1 Kb8 18. Bg2 N7f6 19. h3 Rh4 20. Ne2 Rg8 21.
Ng1 Rhh8 22. Nf3 Nh5 23. Rhg1 Ne7 24. Ng5 Nf5 25. Rc1 Rc8 26. Qb3 Ka8 27. Rc4
Nh6 28. Ra4 Kb8 29. Ba5 b6 30. Rc1 Qb7 31. Ne4 Be7 32. Bb4 Nf5 33. Bxe7 Qxe7 34.
Nc5 Nf6 35. Na6+ Kb7 36. Nc5+ Kb8 37. e4 Nh4 38. Bh1 Rhd8 39. Na6+ Kb7 40. Nc5+
Kb8 41. Rac4 Ng6 42. Na6+ Kb7 43. Nb4 1-0

[Event "40th ECC Open 2025"]
[Site "Rhodes GRE"]
[Date "2025.10.19"]
[Round "1.43"]
[White "Warmerdam, Max"]
[Black "Ermitsch, Magnus"]
[Result "1-0"]
[WhiteTitle "GM"]
[BlackTitle "IM"]
[WhiteElo "2582"]
[BlackElo "2425"]
[WhiteTeam "Kfar Saba"]
[BlackTeam "SK Doppelbauer Kiel"]
[WhiteFideId "1048104"]
[BlackFideId "16234464"]
[EventDate "2025.10.19"]
[EventType "team"]

1. c4 e5 2. Nc3 Nf6 3. Nf3 Nc6 4. g3 d5 5. cxd5 Nxd5 6. Bg2 Nf6 7. O-O h6 8. a3
a5 9. Nb5 e4 10. Ne1 a4 11. d3 exd3 12. Bf4 Bd6 13. Nxd6+ cxd6 14. Nxd3 Be6 15.
Nb4 d5 16. Nxc6 bxc6 17. Rc1 Ra6 18. Qd3 Rb6 19. Bd2 Rxb2 20. Bb4 Qb6 21. Qc3
Rb3 22. Qxc6+ Qxc6 23. Rxc6 Kd7 24. Ra6 Rc8 25. Rxa4 Rb2 26. Re1 Ne4 27. f3 Nc3
28. Ra7+ Ke8 29. Bf1 d4 30. e3 dxe3 31. Rxe3 Rc2 32. f4 g6 33. g4 Nd5 34. Bb5+
R8c6 35. Rd3 Rc1+ 36. Kf2 f5 37. gxf5 gxf5 38. Ra6 Rc2+ 39. Kg3 1-0

[Event "40th ECC Open 2025"]
[Site "Rhodes GRE"]
[Date "2025.10.19"]
[Round "1.44"]
[White "Medhus, Vitus Bondo"]
[Black "Gorshtein, Ido"]
[Result "0-1"]
[WhiteTitle "FM"]
[BlackTitle "GM"]
[WhiteElo "2304"]
[BlackElo "2537"]
[WhiteTeam "SK Doppelbauer Kiel"]
[BlackTeam "Kfar Saba"]
[WhiteFideId "1462547"]
[BlackFideId "2815532"]
[EventDate "2025.10.19"]
[EventType "team"]

1. e4 c6 2. d4 d5 3. f3 e6 4. Nc3 Bb4 5. Bd2 Ne7 6. a3 Ba5 7. Bd3 Nd7 8. f4 c5
9. Nb5 Bxd2+ 10. Qxd2 O-O 11. e5 Qb6 12. dxc5 Nxc5 13. O-O-O Bd7 14. Nd4 a6 15.
Ngf3 Bb5 16. Nxb5 axb5 17. Nd4 Ra4 18. Nxb5 Nxd3+ 19. Qxd3 Rxf4 20. Rhf1 Rxf1
21. Rxf1 Ng6 22. Re1 Rc8 23. g3 Rc4 24. Nc3 Qa5 25. h4 h5 26. Re2 Qc5 27. Kb1
Rg4 28. Re1 Qf2 29. Rf1 Qc5 30. Re1 Ne7 31. Rf1 g6 32. Ne2 Re4 33. Qb3 Rxe2 34.
Qxb7 Qxc2+ 35. Ka1 Nf5 36. Rb1 Nd4 37. Qb6 Qc4 38. Qd8+ Kh7 39. Rf1 Nb3+ 40. Ka2
Nc1+ 41. Kb1 Qc2+ 42. Ka1 Qxb2# 0-1